| 000 | 00482nam a2200157 i 4500 | ||
|---|---|---|---|
| 001 | 23459 | ||
| 003 | ES-MaACL | ||
| 005 | 20230906152856.0 | ||
| 007 | t| | ||
| 008 | 021210s1963 sp ||||1| spa d | ||
| 100 | 1 |
_aAlvarez Herrera, Félix M. _920839 |
|
| 245 | 1 | 4 |
_aLas grandes escuelas de espiritualidad en relación con el sacerdocio / _cFélix M. Alvarez Herrera. |
| 260 |
_aBarcelona : _bHerder, _c1963. |
||
| 300 |
_a309 p. ; _c18 cm. |
||
| 852 |
_aES-MaACL _jC-27112 _bR.55017 |
||
| 999 |
_c23459 _d23459 |
||